| 000 | 00834nam a2200205Ia 4500 | ||
|---|---|---|---|
| 003 | GCL | ||
| 008 | 140319s9999 xx 000 0 ara d | ||
| 020 | _a7195309959 | ||
| 040 |
_aGCL / _cGCL |
||
| 082 | 0 | 4 |
_a953 _bر ح |
| 100 | 1 | _aرحيم كاظم محمد الهاشمى | |
| 245 | 1 | 0 |
_aالحضارة العربية الاسلامية : _bدراسة فى تاريخ النظم / _cرحيم كاظم محمد الهاشمى |
| 260 |
_aالقاهرة : _bالدار المصرية اللبنانية |
||
| 260 |
_aليبيا : _bالمكتبة الجامعيةالحديثة |
||
| 300 |
_a227 ص ؛ _c24 سم |
||
| 650 | 0 | 4 | _aالحضارة العربية الاسلامية - المعارف البحرية |
| 650 | 0 | 4 | _aالحضارة الاسلامية |
| 650 | 0 | 4 | _aالعالم العربى - تاريخ |
| 942 |
_2ddc _cBK |
||
| 999 |
_c5192 _d5192 |
||